| 000 | 00529nam a22001337a 4500 | ||
|---|---|---|---|
| 999 |
_c62940 _d62940 |
||
| 003 | Ge_BSU | ||
| 005 | 20250326174959.0 | ||
| 008 | 250326s1970 ge ||||| |||| 00| 0 geo d | ||
| 041 | _ageo | ||
| 080 | _a616.89(035) ბ-39 | ||
| 245 |
_aფსიაქიატრიის სამკურნალო ცნობარი / _c[წინასიტყვ. ა. ზურაბაშვილისა]. |
||
| 700 |
_aნანეიშვილი, ბიძინა _e ავტორი _924687 |
||
| 942 |
_2udc _cᲬᲘᲒᲜᲘ |
||